logo image

It Worked For Me (Record no. 44378)

MARC details
000 -LEADER
fixed length control field 00394nam a22001697a 4500
003 - CONTROL NUMBER IDENTIFIER
control field OSt
005 - DATE AND TIME OF LATEST TRANSACTION
control field 20260417140308.0
008 - FIXED-LENGTH DATA ELEMENTS--GENERAL INFORMATION
fixed length control field 260417b |||||||| |||| 00| 0 eng d
020 ## - INTERNATIONAL STANDARD BOOK NUMBER
International Standard Book Number 9780062135131
040 ## - CATALOGING SOURCE
Transcribing agency BGL
100 ## - MAIN ENTRY--PERSONAL NAME
Personal name Powell Colin
245 ## - TITLE STATEMENT
Title It Worked For Me
260 ## - PUBLICATION, DISTRIBUTION, ETC.
Place of publication, distribution, etc. New York
Name of publisher, distributor, etc. Harper Collins Publications
Date of publication, distribution, etc. 2012
300 ## - PHYSICAL DESCRIPTION
Extent 283p
600 ## - SUBJECT ADDED ENTRY--PERSONAL NAME
Personal name General
942 ## - ADDED ENTRY ELEMENTS (KOHA)
Source of classification or shelving scheme Dewey Decimal Classification
Koha item type GB

No items available.

Powered by Koha